<?xml version='1.0' encoding='UTF-8'?><?xml-stylesheet href='static/style.xsl' type='text/xsl'?><OAI-PMH xmlns="http://www.openarchives.org/OAI/2.0/" xmlns:xsi="http://www.w3.org/2001/XMLSchema-instance" xsi:schemaLocation="http://www.openarchives.org/OAI/2.0/ http://www.openarchives.org/OAI/2.0/OAI-PMH.xsd"><responseDate>2026-05-02T05:36:27Z</responseDate><request verb="GetRecord" identifier="oai:ebiltegia.mondragon.edu:20.500.11984/14010" metadataPrefix="marc">https://ebiltegia.mondragon.edu/oai/request</request><GetRecord><record><header><identifier>oai:ebiltegia.mondragon.edu:20.500.11984/14010</identifier><datestamp>2026-01-29T08:38:31Z</datestamp><setSpec>com_20.500.11984_473</setSpec><setSpec>col_20.500.11984_476</setSpec></header><metadata><record xmlns="http://www.loc.gov/MARC21/slim" xmlns:dcterms="http://purl.org/dc/terms/" xmlns:xsi="http://www.w3.org/2001/XMLSchema-instance" xmlns:doc="http://www.lyncode.com/xoai" xsi:schemaLocation="http://www.loc.gov/MARC21/slim http://www.loc.gov/standards/marcxml/schema/MARC21slim.xsd">
   <leader>00925njm 22002777a 4500</leader>
   <datafield ind2=" " ind1=" " tag="042">
      <subfield code="a">dc</subfield>
   </datafield>
   <datafield ind2=" " ind1=" " tag="720">
      <subfield code="a">Zubizarreta Pagaldai, Ane</subfield>
      <subfield code="e">author</subfield>
   </datafield>
   <datafield ind2=" " ind1=" " tag="720">
      <subfield code="a">Imaz Agirre, Ainara</subfield>
      <subfield code="e">author</subfield>
   </datafield>
   <datafield ind2=" " ind1=" " tag="260">
      <subfield code="c">2025-12-22</subfield>
   </datafield>
   <datafield ind2=" " ind1=" " tag="520">
      <subfield code="a">Digital  transformation  has  also  reached  education,  making  the  digital  capacity  of  schools  more  important  than  ever. However, this topic has not been thoroughly studied, especially in vocational education and training (VET). To address this gap, this explanatory sequential mixed methods study aimed to explore and understand the factors influencing  the  level  of  digital  capacity  in  Basic  VET  schools.  Three  schools  participated  in  the  study,  gathering  quantitative  data  from  SELFIE  and  qualitative  data  through  interviews  and  focus  groups  of  management  team  members, teachers and students. The findings highlight the critical role of a school's vision in digital transformation and the need for a well-defined digital strategy, supported by adequate infrastructure and comprehensive teacher training for effective digital integration. Based on these results, this study proposes recommendations to enhance digital capacity in Basic VET schools, including strategic planning, infrastructure development, teacher readiness, and continuous evaluation. Additionally, it suggests integrating the school's vision into the SELFIE tool to support more effective digital transformation strategies.</subfield>
   </datafield>
   <datafield ind2=" " ind1=" " tag="520">
      <subfield code="a">La  transformación  digital  también  ha  llegado  a  la  educación,  por  lo  que  la  capacidad  digital  de  los  centros  educativos es más importante que nunca. Sin embargo, este tema no se ha estudiado a fondo, especialmente en la  educación  y  formación  profesional  (FP).  Este  estudio  explicativo  secuencial  de  métodos  mixtos  tuvo  como  objetivo explorar y comprender los factores que influyen en el nivel de capacidad digital en los centros de FP Básica. Tres centros participaron en el estudio, recopilando datos cuantitativos de SELFIE y datos cualitativos a través de entrevistas y grupos focales de miembros del equipo directivo, profesores y estudiantes. Los resultados destacan el papel fundamental de la visión de un centro educativo en la transformación digital y la necesidad de una estrategia digital bien definida, respaldada por una infraestructura adecuada y una formación integral del profesorado para una integración digital eficaz. Basándose en estos resultados, este estudio propone recomendaciones para mejorar la  capacidad  digital  en  los  centros  de  FP  Básica,  incluyendo  la  planificación  estratégica,  el  desarrollo  de  infraestructuras, la preparación del profesorado y la evaluación continua. Además, sugiere integrar la visión de la escuela en la herramienta SELFIE para apoyar estrategias de transformación digital más efectivas.</subfield>
   </datafield>
   <datafield ind1="8" ind2=" " tag="024">
      <subfield code="a">1135-9250</subfield>
   </datafield>
   <datafield ind1="8" ind2=" " tag="024">
      <subfield code="a">https://katalogoa.mondragon.edu/janium-bin/janium_login_opac.pl?find&amp;ficha_no=200589</subfield>
   </datafield>
   <datafield ind1="8" ind2=" " tag="024">
      <subfield code="a">https://hdl.handle.net/20.500.11984/14010</subfield>
   </datafield>
   <datafield tag="653" ind2=" " ind1=" ">
      <subfield code="a">Digital capacity</subfield>
   </datafield>
   <datafield tag="653" ind2=" " ind1=" ">
      <subfield code="a">Digital transformation</subfield>
   </datafield>
   <datafield tag="653" ind2=" " ind1=" ">
      <subfield code="a">SELFIE</subfield>
   </datafield>
   <datafield tag="653" ind2=" " ind1=" ">
      <subfield code="a">Mixed methods</subfield>
   </datafield>
   <datafield tag="653" ind2=" " ind1=" ">
      <subfield code="a">Vocational education and training</subfield>
   </datafield>
   <datafield tag="653" ind2=" " ind1=" ">
      <subfield code="a">Capacidad digital</subfield>
   </datafield>
   <datafield tag="653" ind2=" " ind1=" ">
      <subfield code="a">Transformación digital</subfield>
   </datafield>
   <datafield tag="653" ind2=" " ind1=" ">
      <subfield code="a">SELFIE</subfield>
   </datafield>
   <datafield tag="653" ind2=" " ind1=" ">
      <subfield code="a">Métodos mixtos</subfield>
   </datafield>
   <datafield tag="653" ind2=" " ind1=" ">
      <subfield code="a">Formación profesional</subfield>
   </datafield>
   <datafield ind2="0" ind1="0" tag="245">
      <subfield code="a">Mixed-Methods Analysis of SELFIE in Basic Vocational Education and Training: A Triple Case Study</subfield>
   </datafield>
</record></metadata></record></GetRecord></OAI-PMH>